000 00931nas a2200277 454500
001 33508
005 20260407193508.0
008 260407s1977####ag###########|||spa#d
003 AR-UNSa-BCEJYS
040 _aAR-UNSa-BCEJYS
_bspa
_cAR-UNSa-BCEJYS
080 _a339.5
_xComercio exterior. Comercio Internacional
245 1 0 _aBoletin de oportunidades comerciales
022 _a0325-5581
264 1 _aBuenos Aires :
_b[s.n.]
_c1977
310 _aFrecuencia: Semanal
041 _aspa
942 _cSER
590 _aniveau_biblio:s niveau_hierar:1
100 1 _aArgentina. Secretaría de Comercio. Dirección Nacional de Promoción Comercial
700 1 _aEstrada, Tomás de
650 _aPolítica comercial
650 _aCOMERCIO EXTERIOR
650 _aIMPORTACIONES
650 _aEXPORTACIONES
856 4 1 _uhttps://biblioeco.unsa.edu.ar/pmb/images/revistas/boletin_oportunidades_comer.jpg
_yImagen de portada
_qimage/jpeg
999 _c8736
_d8736